| 000 | 00443nam a2200169Ia 4500 | ||
|---|---|---|---|
| 008 | 230524s9999 xx 000 0 und d | ||
| 020 | _a8175441836 | ||
| 082 |
_a621.38219 _bKHA |
||
| 100 | _aV.K.Khanna | ||
| 245 | 0 | _aDigital Signal Processing Telecommunications & Multimedia Technology | |
| 250 | _a1ST | ||
| 260 |
_aNEW DELHI _bWheeler _c1999 |
||
| 300 | _aXV;640 | ||
| 500 | _aQuantity Number: 5 | ||
| 650 | _aElectronics | ||
| 942 | _cBK | ||
| 999 |
_c8419 _d8419 |
||